<?xml version="1.0" encoding="UTF-8"?>
<record
    xmlns:xsi="http://www.w3.org/2001/XMLSchema-instance"
    xsi:schemaLocation="http://www.loc.gov/MARC21/slim http://www.loc.gov/standards/marcxml/schema/MARC21slim.xsd"
    xmlns="http://www.loc.gov/MARC21/slim">

  <leader>00921nam a22001817a 4500</leader>
  <controlfield tag="005">20230327102343.0</controlfield>
  <controlfield tag="008">230327b        sa ||||| |||| 00| 0 eng d</controlfield>
  <datafield tag="020" ind1=" " ind2=" ">
    <subfield code="a">9780702180590</subfield>
    <subfield code="q">PAPER BACK</subfield>
  </datafield>
  <datafield tag="040" ind1=" " ind2=" ">
    <subfield code="a">OCLC</subfield>
    <subfield code="c">RDA</subfield>
  </datafield>
  <datafield tag="082" ind1=" " ind2=" ">
    <subfield code="2">FIRST EDITION</subfield>
    <subfield code="a">614.44</subfield>
    <subfield code="b">MENT</subfield>
  </datafield>
  <datafield tag="100" ind1=" " ind2=" ">
    <subfield code="a">SHAHEEN MEHTAR</subfield>
    <subfield code="9">177132</subfield>
  </datafield>
  <datafield tag="245" ind1=" " ind2=" ">
    <subfield code="a">UNDERSTANDING INFECTION PREVENTION AND CONTROL</subfield>
  </datafield>
  <datafield tag="260" ind1=" " ind2=" ">
    <subfield code="a">CAPE TOWN</subfield>
    <subfield code="b">JUTA</subfield>
    <subfield code="c">FIRST EDITION</subfield>
  </datafield>
  <datafield tag="300" ind1=" " ind2=" ">
    <subfield code="a">434 PAGES</subfield>
    <subfield code="b">ILLUSTRATION</subfield>
    <subfield code="c">25 CM</subfield>
  </datafield>
  <datafield tag="504" ind1=" " ind2=" ">
    <subfield code="a">A comprehensive compendium of Infection prevention and control (IPC) processes that can be applied to the various countries. It embraces the developments and recommendations in IPC from international authorities, such as the World Health Organization. It is suitable for healthcare systems planners who wish to understand IPC and strengthen systems.
</subfield>
  </datafield>
  <datafield tag="521" ind1=" " ind2=" ">
    <subfield code="a">ADULTS</subfield>
  </datafield>
  <datafield tag="942" ind1=" " ind2=" ">
    <subfield code="2">ddc</subfield>
    <subfield code="c">BOOK</subfield>
    <subfield code="e">FIRST EDITION</subfield>
    <subfield code="h">614.44</subfield>
    <subfield code="k">614.44 MAHT</subfield>
    <subfield code="w">5827</subfield>
    <subfield code="x">Bontle Makola</subfield>
    <subfield code="y">5827</subfield>
    <subfield code="z">Bontle Makola</subfield>
  </datafield>
  <datafield tag="999" ind1=" " ind2=" ">
    <subfield code="c">746743</subfield>
    <subfield code="d">746742</subfield>
  </datafield>
  <datafield tag="952" ind1=" " ind2=" ">
    <subfield code="0">0</subfield>
    <subfield code="1">0</subfield>
    <subfield code="2">ddc</subfield>
    <subfield code="4">0</subfield>
    <subfield code="7">0</subfield>
    <subfield code="8">600</subfield>
    <subfield code="a">KWAML</subfield>
    <subfield code="b">KWAPL</subfield>
    <subfield code="c">GEN</subfield>
    <subfield code="d">2023-03-27</subfield>
    <subfield code="l">0</subfield>
    <subfield code="o">FIRST EDITION 614.44 MENT</subfield>
    <subfield code="p">33228031022406</subfield>
    <subfield code="r">2023-03-27</subfield>
    <subfield code="w">2023-03-27</subfield>
    <subfield code="y">BOOK</subfield>
  </datafield>
</record>
